| 000 | 01260njm a2200289Ia 4500 | ||
|---|---|---|---|
| 001 | E1589 | ||
| 003 | IT-RoPAU | ||
| 005 | 20220918181112.0 | ||
| 008 | 131025s9999 xx 000 0 und d | ||
| 040 | _aIT-RoPAU | ||
| 040 | _cIT-RoPAU | ||
| 999 |
_c99052 _d99052 |
||
| 999 | _bn.d. | ||
| 100 |
_aAA.VV. _9794 |
||
| 100 |
_eAutore musica _931562 |
||
| 100 |
_gCodice autore musica SPICS: 12000 _9796 |
||
| 245 | _aJames Last In Concert | ||
| 250 | _a1a ed. | ||
| 260 | _aLONDRA | ||
| 260 |
_bPOLYDOR INC _c1969 [1a Ed.:1969] |
||
| 300 | _aDISCO | ||
| 500 | _aArrangiamento di brani di musica classica di autori vari | ||
| 505 | _aAdagio From the Sonata "Pathetique" n. 8 in do minor op. 13 (Beethoven) - Slavonic Dance n. 10 (Dvorak) - Andante From the Violin Concerto in mi minore op. 64 (Mendelssohn) - Prelude in do maggiore (Bach) - Andante From the Symphony n. 5 in do minore op. 67 (Beethoven) - Ballet Music From Prince Igor - Theme From Elvira Madigan (Mozart) - Presto From the Symphony n. 7 in la maggiore op. 92 (Beethoven) | ||
| 650 |
_aARRANGIAMENTO [DISCHI] _eCodice MATERIA SPICS: 9950 _931563 |
||
| 700 |
_aLast James _eAutore _gCodice Autore SPICS: 10976 _99404 |
||
| 700 |
_aLast James _gCodice Interprete SPICS: 10976 _eInterprete _911447 |
||
| 942 |
_cMD _2ddc |
||